000 01192nam a2200313 a 4500
001 000113059
003 CHAP
005 20220329144336.0
008 170403s2016 mx sm |||||||spa d
010 _a109520
011 _a110492
040 _cCHAP
090 _aTesis
100 1 _aHernández Calette, Aldo
_9131869
245 1 0 _aInfluencia de las gomas de algarrobo y xantana en la estabilidad y acepatabilidad de crema láctica
_h[En línea]
_cpor Aldo Hernández Calette y Eva Monserrat Sánchez Ortega.
260 _aChapingo, Méx. :
_bEl autor,
_c2016.
500 _aPara ver el contenido del material haga clic en la liga
502 _aTesis (Ing. Agroindustrial ) -- UACH. Departamento de Ingeniería Agroindustrial
590 _aBATCH-UPD
_b05
_c20170403
_lUCH01
_h0846
590 _aE5765TAJ
_b05
_c20170403
_lUCH01
_h0845
590 _aE5765TAJ
_b05
_c20170403
_lUCH01
_h0845
650 1 4 _aCrema ácida
_xEvaluación sensorial.
_9131871
650 1 4 _aGomas
_xEfecto en lácteos.
_9131872
700 1 _aSánchez Ortega, Eva Monserrat
_9131870
856 _aFinding aid
_uhttp://10.13.5.2/tesis/sist113059.pdf
_zTeclea aquí
901 _aBK
942 _cTESIS
942 _n0
999 _c109520
_d109520